| 000 | 02052cam a22003854a 4500 | ||
|---|---|---|---|
| 001 | 16646229 | ||
| 005 | 20170105102915.0 | ||
| 008 | 110210s2011 enk b 001 0 eng | ||
| 010 | _a 2011004156 | ||
| 020 | _a9780333732670 (hbk.) | ||
| 020 | _a9780333732687 (pbk.) | ||
| 040 |
_aDLC _cDLC _dDLC |
||
| 042 | _apcc | ||
| 050 | 0 | 0 |
_aJS78 _b.P5 2011 |
| 082 | 0 | 0 |
_a320.8/5 _222 |
| 084 |
_aPOL028000 _aPOL002000 _aPOL040040 _2bisacsh |
||
| 100 | 1 | _aPierre, Jon. | |
| 245 | 1 | 4 |
_aThe politics of urban governance / _cJon Pierre. |
| 260 |
_aHoundmills, Basingstoke, Hampshire ; _aNew York : _bPalgrave Macmillan, _c2011. |
||
| 300 |
_aviii, 170 p. ; _c23 cm. |
||
| 504 | _aIncludes bibliographical references (p. 154-164) and index. | ||
| 505 | 8 | _aMachine generated contents note: -- The Challenge of Urban Governance * Rethinking the Local State * The Managerial City * The Corporatist City * The Pro-Growth City * The Welfare City * The Decline of Urban Politics? * Cities in Global Governance * Conclusion: The Future of Urban Politics. | |
| 520 | _a"This broad ranging new text analyses the emerging shape of urban politics in the twenty-first century. The author identifies 4 main "models" of urban governance--"management," "Corporatist." "Pro-Growth" and "Welfare"--and assesses their different implications for the major issues, interests and problems in the contemporary urban arena"-- | ||
| 650 | 0 |
_aMunicipal government _vCross-cultural studies. |
|
| 650 | 0 |
_aLocal government _vCross-cultural studies. |
|
| 650 | 0 |
_aPolitical leadership _vCross-cultural studies. |
|
| 650 | 0 |
_aSociology, Urban _vCross-cultural studies. |
|
| 650 | 0 |
_aUrban policy _xCross-cultural studies. |
|
| 650 | 7 |
_aPOLITICAL SCIENCE / Public Policy / General _2bisacsh. |
|
| 650 | 7 |
_aPOLITICAL SCIENCE / Public Policy / City Planning & Urban Development _2bisacsh. |
|
| 650 | 7 |
_aPOLITICAL SCIENCE / Government / Local _2bisacsh. |
|
| 906 |
_a7 _bcbc _corignew _d1 _eecip _f20 _gy-gencatlg |
||
| 942 |
_2ddc _cBK |
||
| 999 |
_c15323 _d15323 |
||